000 00367nam a2200145Ia 4500
005 20250729165805.0
008 250729s2007 xx 000 0 und d
041 _aeng
082 _a299.936 HUBT
100 _aHubbard L Ron
_9233053
245 _aThe Problems of Wor
260 _aDenmark
_bNew Era Publication
_c2007
300 _a195p
650 _aReligion
_9233054
999 _c240089
_d240089